00249nam a2200109Ia 4500008004100000100002100041245002700062260001500089260001800104260000900122300000800131201214s9999 xx 000 0 und d aRobbins, Stephen 0aOrganization Behaviour aNew Jersey bPrentice Hall c1982 a564